000 00965njm a22002657a 4500
005 20100914152621.0
007 sd ammalaaahaa
008 100913t xxu||||| |||| 00| 0 hin d
028 _aECSD 5895
_bEMI
035 _aGR-07844
040 _aSED/VEN
100 _aPrabhakar, Sharon
_91184
245 _aEk din bahu ka /
_cby Sharon Prabhakar
_h[sound recording] :
246 _aएक दिन बहु का /
260 _aDum Dum India
_bEMI
_c1983
300 _a1 sound disc [Gramophone record] :
_banalog, 33 1/3 rpm
_c12.5 in. (LP)
_fGramophone Record
500 _aBrief Record
500 _aRecord label :EMI, Red
505 _aSide-1 Yeh aag awsi hai yeh aag Side 2 Kaho sakhi kaho sakhi
600 _aPrabhakar, Sharon
_919992
650 _aHindi Film Song
_xExcerpts
_zIndia
_919603
700 _919605
_aPrabhakar, Sharon
942 _2ddc
_cGR
999 _c47397
_d47397